The essence of hinduism / (Record no. 151002)

MARC details
000 -LEADER
fixed length control field 00682nam a22001937a 4500
005 - DATE AND TIME OF LATEST TRANSACTION
control field 20180410172828.0
010 ## - LCCN (DPL NO)
LC control number B-690714-715
020 ## - INTERNATIONAL STANDARD BOOK NUMBER
Terms of availability 395.00
International Standard Book Number 9788189297534
020 ## - INTERNATIONAL STANDARD BOOK NUMBER
Terms of availability 395.00
International Standard Book Number 8189297538
037 ## - SOURCE OF ACQUISITION
Source of stock number/acquisition PUB
100 ## - MAIN ENTRY--PERSONAL NAME
Personal name Gandhi, M.K.
245 ## - TITLE STATEMENT
Title The essence of hinduism /
Statement of responsibility, etc by M.K. Gandhi
260 ## - PUBLICATION, DISTRIBUTION, ETC. (IMPRINT)
Place of publication, distribution, etc Delhi
Name of publisher, distributor, etc Farsight Publihsers & Distributors
Date of publication, distribution, etc 2009
270 ## - ADDRESS
Address S-16, Naveen Shahdara
City Delhi
Postal code 110032
300 ## - PHYSICAL DESCRIPTION
Extent 256p.;
Dimensions 22cm(Hb)
500 ## - GENERAL NOTE
General note Balidani
942 ## - ADDED ENTRY ELEMENTS (KOHA)
Source of classification or shelving scheme Dewey Decimal Classification
Item type English Books
Call number suffix GAN
Classification part 230
Holdings
Withdrawn status Lost status Not for loan Collection code Home library Current library Date acquired Source of acquisition Cost, normal purchase price Full call number Barcode Copy number Cost, replacement price Koha item type Public note
      Non-fiction Central Library Central Library 10/04/2018 Farsight 6554/27.02.2018784/19.02.2018/09.03.2018 395.00 230 GAN B-690714 1 395.00 English Books Balidani
      Non-fiction Sarojini Nagar Sarojini Nagar 10/04/2018 Farsight 6554/27.02.2018784/19.02.2018/09.03.2018 395.00 230 GAN B-690715 1 395.00 English Books Balidani

© Delhi Public Library
Hit Counter
free hit counter